Administratívna budova Lake Side Park Fáza II

Guardado en:
Detalles Bibliográficos
Autor principal: Balášková, Kristína (Autor)
Otros Autores: Petro, Marek (Orientador)
Formato: Manuscrito Libro
Lenguaje:eslovaco
Publicado: 2023
Materias:
Acceso en línea:http://is.stuba.sk/zp/portal_zp.pl?podrobnosti=172268
https://opac.crzp.sk/?fn=detailBiblioForm&sid=EC7951772ACC837B5F7AC5A56A1E
Etiquetas: Agregar Etiqueta
Sin Etiquetas, Sea el primero en etiquetar este registro!

MARC

LEADER 00000ntm a22000003a 4500
001 stuzp94179
003 SK-STU
005 20230914112359.5
007 ta
008 150427s2015----xo-----f-mn---000-0-slo-d
040 |a STU  |b slo 
041 0 |a slo 
100 1 |a Balášková, Kristína  |u 010270  |4 aut  |U SvF Stavebná fakulta  |T SvF Katedra technológie stavieb  |X 97587  |U V270  |Y 28  |7 97587 
242 0 1 |a Administrative building Lake Side Park Fáza II  |y eng 
245 1 0 |a Administratívna budova Lake Side Park Fáza II 
260 |c 2023 
650 4 |a zariadenie staveniska  |2 slo 
650 4 |a BOZP  |2 slo 
650 4 |a OŽP  |2 slo 
650 4 |a časový harmonogram  |2 slo 
650 4 |a histogram pracovníkov  |2 slo 
650 4 |a hlavná stavebná výroba  |2 slo 
650 4 |a pridružená stavebná výroba  |2 slo 
650 4 |a vežový žeriav  |2 slo 
650 4 |a ľahký obvodový plášť  |2 slo 
650 4 |a elementová fasáda  |2 slo 
650 4 |a technologický predpis  |2 slo 
650 4 |a OSH  |2 eng 
650 4 |a main construction production  |2 eng 
650 4 |a associated construction production  |2 eng 
650 4 |a tower crane  |2 eng 
650 4 |a time schedule  |2 eng 
650 4 |a histogram  |2 eng 
650 4 |a element facade  |2 eng 
650 4 |a construction site equipment  |2 eng 
650 4 |a protection of enviroment  |2 eng 
650 4 |a technical report  |2 eng 
700 1 |a Petro, Marek  |u 010270  |k Z8  |4 ths  |U SvF Stavebná fakulta  |T SvF Katedra technológie stavieb  |X 18958  |U V270  |Y 28  |7 A000018958 
856 4 |u http://is.stuba.sk/zp/portal_zp.pl?podrobnosti=172268 
856 4 |u https://opac.crzp.sk/?fn=detailBiblioForm&sid=EC7951772ACC837B5F7AC5A56A1E